| 000 | 00743nam a2200265 i 4500 | ||
|---|---|---|---|
| 999 |
_c9465 _d9465 |
||
| 001 | 4514985 | ||
| 003 | OCoLC | ||
| 005 | 20210114163736.0 | ||
| 008 | 781212s1979 nju b 001 0 eng | ||
| 010 | _a78-27656 | ||
| 020 | _a0800709721 : | ||
| 035 | _a2623912 | ||
| 040 |
_aDLC _cDLC _dOSU |
||
| 050 |
_aHF5548.8 _b.E53 |
||
| 050 | 0 | 0 |
_aHF5548.8 _b.E53 |
| 100 | 1 |
_aEngstrom, Ted W. _q(Ted Wilhelm), _d1916- |
|
| 245 | 1 | 4 |
_aThe work trap / _cTed W. Engstrom and David J. Juroe |
| 260 |
_aOld Tappan, N.J. : _bF. H. Revell, _cc1979 |
||
| 300 |
_a222 p. ; _c22 cm |
||
| 500 | _aIncludes index | ||
| 504 | _aBibliography: p. 216-218 | ||
| 650 | 0 |
_aWork _xPsychological aspects |
|
| 700 | 1 | 0 |
_aJuroe, David J., _ejoint author |
| 942 |
_2ddc _cBK |
||